[Event "DEN-chT 1314 52nd"]
[Site "Denmark"]
[Date "2013.11.02"]
[Round "1.7"]
[White "Pedersen, Martin Rosenkilde"]
[Black "Nielsen, Poul Erik"]
[Result "1/2-1/2"]
[WhiteElo "2176"]
[BlackElo "2198"]
[PlyCount "37"]
[EventDate "2013.11.02"]
[EventType "team-tourn"]
[EventRounds "9"]
[EventCountry "DEN"]
[SourceTitle "EXT 2015"]
[Source "ChessBase"]
[SourceDate "2014.11.20"]
[SourceVersion "1"]
[SourceVersionDate "2014.11.20"]
[SourceQuality "1"]
[WhiteTeam "Hillerod"]
[BlackTeam "Nordre"]
[WhiteTeamCountry "DEN"]
[BlackTeamCountry "DEN"]

1. e4 c5 2. c3 b6 3. d4 Bb7 4. f3 e6 5. Be3 d5 6. e5 h5 7. Bd3 g6 8. Qd2 Ba6 9. Bxa6 Nxa6 10. Bg5 Qd7 11. Ne2 Ne7 12. 0-0 Nc6 13. Qd3 Nc7 14. a3 c4 15. Qc2 b5 16. Nd2 a5 17. Kh1 Rb8 18. Nf4 Bh6 19. Nh3 1/2-1/2

[Event "Odense Andersen op"]
[Site "Odense"]
[Date "2013.05.12"]
[Round "8"]
[White "Nielsen, Poul Erik"]
[Black "Heinemann, Guido"]
[Result "1-0"]
[WhiteElo "2107"]
[BlackElo "1856"]
[PlyCount "55"]
[EventDate "2013.05.08"]
[EventType "swiss"]
[EventRounds "9"]
[EventCountry "DEN"]
[SourceTitle "CBM 154 Extra"]
[Source "ChessBase"]
[SourceDate "2013.06.25"]
[SourceVersion "2"]
[SourceVersionDate "2013.06.25"]
[SourceQuality "1"]

1. c4 e6 2. Nf3 b6 3. g3 Bb7 4. Bg2 c5 5. 0-0 Be7 6. Nc3 f5 7. d3 Nf6 8. Re1 0-0 9. e4 fxe4 10. dxe4 Nc6 11. e5 Ne8 12. Ne4 Qc7 13. Bf4 Rd8 14. Qd2 d6 15. exd6 Bxd6 16. Nxd6 Nxd6 17. Rxe6 Nd4 18. Nxd4 Bxg2 19. Kxg2 Qb7+ 20. Nf3 Nxc4 21. Qe2 b5 22. b3 Na5 23. Bd6 Nc6 24. Bxf8 Nd4 25. Qe4 Qf7 26. Nxd4 Rxd4 27. Qe5 Qb7+ 28. Kg1 1-0

[Event "Odense Andersen op"]
[Site "Odense"]
[Date "2013.05.11"]
[Round "7"]
[White "Hamann, Brian Michael"]
[Black "Nielsen, Poul Erik"]
[Result "1/2-1/2"]
[WhiteElo "1877"]
[BlackElo "2107"]
[PlyCount "37"]
[EventDate "2013.05.08"]
[EventType "swiss"]
[EventRounds "9"]
[EventCountry "DEN"]
[SourceTitle "CBM 154 Extra"]
[Source "ChessBase"]
[SourceDate "2013.06.25"]
[SourceVersion "2"]
[SourceVersionDate "2013.06.25"]
[SourceQuality "1"]

1. d4 e6 2. Nf3 b6 3. g3 Bb7 4. Bg2 Nf6 5. c4 d5 6. 0-0 c5 7. cxd5 Nxd5 8. Nc3 Be7 9. Nxd5 Bxd5 10. Be3 Nd7 11. a3 0-0 12. Qa4 Bf6 13. Rfd1 Qe7 14. Rac1 Rfc8 15. Nd2 Bxg2 16. Kxg2 a6 17. Ne4 b5 18. Nxf6+ Nxf6 19. Qb3 1/2-1/2

[Event "Odense Andersen op"]
[Site "Odense"]
[Date "2013.05.11"]
[Round "6"]
[White "Nielsen, Poul Erik"]
[Black "Jannik, Morten Emil"]
[Result "1/2-1/2"]
[WhiteElo "2107"]
[BlackElo "1610"]
[PlyCount "52"]
[EventDate "2013.05.08"]
[EventType "swiss"]
[EventRounds "9"]
[EventCountry "DEN"]
[SourceTitle "CBM 154 Extra"]
[Source "ChessBase"]
[SourceDate "2013.06.25"]
[SourceVersion "2"]
[SourceVersionDate "2013.06.25"]
[SourceQuality "1"]

1. e4 c6 2. d3 d5 3. Nd2 e5 4. g3 Nf6 5. Bg2 Bd6 6. Ngf3 Bg4 7. h3 Bxf3 8. Bxf3 Nbd7 9. 0-0 Qb6 10. c3 0-0 11. Nb3 h6 12. Bg2 Rfe8 13. g4 Rad8 14. h4 dxe4 15. dxe4 Be7 16. Be3 Bc5 17. Nxc5 Nxc5 18. Qe2 Qa6 19. Qf3 Ne6 20. g5 hxg5 21. hxg5 Nh7 22. Qh5 g6 23. Qh6 Qe2 24. Rfe1 Qh5 25. Bxa7 Qxg5 26. Qxg5 Nhxg5 1/2-1/2

[Event "Odense Andersen op"]
[Site "Odense"]
[Date "2013.05.09"]
[Round "2"]
[White "Nielsen, Poul Erik"]
[Black "Carlstedt, Jonathan"]
[Result "0-1"]
[WhiteElo "2107"]
[BlackElo "2373"]
[PlyCount "100"]
[EventDate "2013.05.08"]
[EventType "swiss"]
[EventRounds "9"]
[EventCountry "DEN"]
[SourceTitle "CBM 154 Extra"]
[Source "ChessBase"]
[SourceDate "2013.06.25"]
[SourceVersion "2"]
[SourceVersionDate "2013.06.25"]
[SourceQuality "1"]

1. e4 e6 2. d3 d5 3. Nd2 Nf6 4. Ngf3 Bc5 5. e5 Nfd7 6. d4 Be7 7. c3 c5 8. Bd3 Nc6 9. 0-0 Qb6 10. dxc5 Qc7 11. b4 Ndxe5 12. Bc2 Bf6 13. Nd4 Nxd4 14. cxd4 Nc6 15. Nf3 Nxb4 16. Bb1 0-0 17. Be3 Nc6 18. Qd2 e5 19. dxe5 Nxe5 20. Nxe5 Bxe5 21. Bd4 Bxh2+ 22. Kh1 Be5 23. f4 Bxd4 24. Qxd4 Qc6 25. a4 b6 26. cxb6 Qh6+ 27. Kg1 Qxb6 28. Rd1 Rd8 29. Ra3 Bg4 30. Qxb6 axb6 31. Rd4 Be2 32. Ba2 Kf8 33. Re3 Bg4 34. Bxd5 Be6 35. Bxa8 Rxd4 36. g3 Rxa4 37. Bc6 Rc4 38. Bb5 Rc5 39. Be2 b5 40. g4 b4 41. f5 Bc4 42. Bd1 Ra5 43. Kf2 Ra2+ 44. Ke1 b3 45. Rc3 b2 46. Bc2 Ra1+ 47. Kd2 Rc1 48. Be4 Bd5 49. Bd3 b1Q 50. Rxc1 Qb4+ 0-1

[Event "DEN-chT 1011 49th"]
[Site "Denmark"]
[Date "2011.01.30"]
[Round "6.4"]
[White "Bank, Pelle Rodkjaer"]
[Black "Nielsen, Poul Erik"]
[Result "1-0"]
[WhiteElo "2245"]
[BlackElo "2243"]
[PlyCount "65"]
[EventDate "2010.11.06"]
[EventType "team-tourn"]
[EventRounds "9"]
[EventCountry "DEN"]
[SourceTitle "EXT 2012"]
[Source "ChessBase"]
[SourceDate "2011.11.24"]
[SourceVersion "1"]
[SourceVersionDate "2011.11.24"]
[SourceQuality "1"]
[WhiteTeam "Copenhagen 68"]
[BlackTeam "Nordre"]
[WhiteTeamCountry "DEN"]
[BlackTeamCountry "DEN"]

1. e4 d6 2. d4 Nf6 3. Nc3 e5 4. Nge2 Nc6 5. f3 Be7 6. Be3 exd4 7. Nxd4 Nxd4 8. Qxd4 Be6 9. 0-0-0 0-0 10. g4 Nd7 11. Be2 Ne5 12. Nd5 Nc6 13. Qc3 Re8 14. h4 Bxd5 15. Rxd5 a6 16. g5 Bf8 17. h5 Re5 18. g6 Rxd5 19. exd5 Ne7 20. gxf7+ Kxf7 21. Bd3 h6 22. Be4 Qd7 23. Qd3 c6 24. Rh4 Re8 25. c4 cxd5 26. cxd5 Qb5 27. Qxb5 axb5 28. Rh2 Rc8+ 29. Rc2 Rxc2+ 30. Kxc2 g6 31. Bf4 Nf5 32. Bxf5 gxf5 33. Kb3 1-0

[Event "DEN-chT 0405"]
[Site "Denmark"]
[Date "2005.02.06"]
[Round "5.4"]
[White "Nielsen, Poul Erik"]
[Black "Hansen, Lars"]
[Result "0-1"]
[WhiteElo "2211"]
[BlackElo "2275"]
[PlyCount "106"]
[EventDate "2004.11.06"]
[EventType "team-tourn"]
[EventRounds "7"]
[EventCountry "DEN"]
[SourceTitle "EXT 2023"]
[Source "ChessBase"]
[SourceDate "2022.10.05"]
[SourceVersion "1"]
[SourceVersionDate "2022.10.05"]
[SourceQuality "1"]
[WhiteTeam "Nordre"]
[BlackTeam "Copenhagen 68"]
[WhiteTeamCountry "DEN"]
[BlackTeamCountry "DEN"]

1. e4 g6 2. d4 Bg7 3. Nc3 c6 4. f4 d5 5. e5 h5 6. Be3 Nh6 7. Nf3 Bg4 8. h3 Bxf3 9. Qxf3 Qb6 10. 0-0-0 Nf5 11. Bf2 h4 12. Bd3 Nd7 13. Bxf5 gxf5 14. Qe3 e6 15. Qe1 Bh6 16. Ne2 Qa6 17. Kb1 Bf8 18. Ng1 Nb6 19. Nf3 Qb5 20. Ka1 Na4 21. Rb1 Qc4 22. Qd1 Bb4 23. Be1 Bxe1 24. Rxe1 c5 25. c3 Rc8 26. Rc1 Qb5 27. b3 Nb6 28. dxc5 Qxc5 29. Kb2 Ke7 30. Qd4 Nd7 31. Qa4 b6 32. Rc2 Nf8 33. Ng5 Z0 34. Qb4 Qxb4 35. cxb4 Rxc2+ 36. Kxc2 Ng6 37. Rf1 Rg8 38. Nh7 Nf8 39. Ng5 Ng6 40. Nh7 Nf8 41. Ng5 Rg7 42. Kd3 Ng6 43. b5 Nxe5+ 44. fxe5 Rxg5 45. Rf4 f6 46. Rxh4 fxe5 47. Rh7+ Kd6 48. Rxa7 Rxg2 49. b4 e4+ 50. Kc3 Ke5 51. a4 d4+ 52. Kb3 e3 53. Rc7 d3 0-1

[Event "DEN-chT 0405"]
[Site "Denmark"]
[Date "2004.11.07"]
[Round "2.4"]
[White "Nielsen, Poul Erik"]
[Black "Larsen, Ole Bogh"]
[Result "1/2-1/2"]
[WhiteElo "2211"]
[BlackElo "2235"]
[PlyCount "88"]
[EventDate "2004.11.06"]
[EventType "team-tourn"]
[EventRounds "7"]
[EventCountry "DEN"]
[SourceTitle "EXT 2023"]
[Source "ChessBase"]
[SourceDate "2022.10.05"]
[SourceVersion "1"]
[SourceVersionDate "2022.10.05"]
[SourceQuality "1"]
[WhiteTeam "Nordre"]
[BlackTeam "Helsingor"]
[WhiteTeamCountry "DEN"]
[BlackTeamCountry "DEN"]

1. c4 e6 2. g3 f5 3. Bg2 Nf6 4. Nf3 Be7 5. 0-0 0-0 6. d3 d6 7. Nc3 Nc6 8. Rb1 a5 9. a3 Ng4 10. b4 axb4 11. axb4 Qe8 12. b5 Nce5 13. Nxe5 Nxe5 14. e3 Bf6 15. Bb2 g5 16. f4 Ng4 17. Qe2 Qg6 18. h3 Nh6 19. Kh2 Rf7 20. Ra1 Rb8 21. Bf3 Qg7 22. Nd1 c6 23. Bxf6 Qxf6 24. Qb2 Qxb2+ 25. Nxb2 g4 26. hxg4 fxg4 27. Bg2 Nf5 28. Rfe1 Rf6 29. Be4 cxb5 30. cxb5 Bd7 31. b6 Rh6+ 32. Kg2 d5 33. Bxf5 exf5 34. d4 Rxb6 35. Nd3 Rb3 36. Nc5 Rb2+ 37. Kg1 Bc6 38. Reb1 Rxb1+ 39. Rxb1 Ra8 40. Rb3 Ra1+ 41. Kf2 Ra2+ 42. Kf1 Ra1+ 43. Kf2 Ra2+ 44. Kf1 Ra1+ 1/2-1/2

[Event "DEN-chT 0203"]
[Site "Denmark"]
[Date "2003.03.15"]
[Round "6.2"]
[White "Hoi, Carsten"]
[Black "Nielsen, Poul Erik"]
[Result "1-0"]
[WhiteElo "2412"]
[BlackElo "2219"]
[PlyCount "83"]
[EventDate "2002.11.06"]
[EventType "team-tourn"]
[EventRounds "7"]
[EventCountry "DEN"]
[SourceTitle "EXT 2006"]
[Source "ChessBase"]
[SourceDate "2005.11.24"]
[SourceVersion "1"]
[SourceVersionDate "2005.11.24"]
[SourceQuality "1"]

1. d4 g6 2. e4 Bg7 3. c4 d6 4. Nc3 e5 5. Nge2 exd4 6. Nxd4 Nc6 7. Be3 Nge7 8. h4 f5 9. Nxc6 bxc6 10. Bd4 Bxd4 11. Qxd4 0-0 12. 0-0-0 fxe4 13. Nxe4 Nf5 14. Qd2 Qe7 15. Bd3 Nd4 16. h5 Bf5 17. hxg6 Bxg6 18. Nc3 Bxd3 19. Qxd3 Qg5+ 20. Kb1 Qf5 21. Ne4 c5 22. Rh6 Rae8 23. f3 Re7 24. Rdh1 Rg7 25. R6h2 Re8 26. a3 a5 27. Rh5 Qf8 28. Rh6 Re6 29. Rxe6 Nxe6 30. Qd5 Rg6 31. Ka2 Qf7 32. Rh2 Qf4 33. g3 Qc1 34. f4 c6 35. Qd3 Nd4 36. Nxd6 a4 37. Qe4 Ne6 38. f5 Rxg3 39. Qxe6+ Kg7 40. Qe7+ Kg8 41. Qxh7+ Kf8 42. Qf7# 1-0

[Event "DEN-chT 0102"]
[Site "Denmark"]
[Date "2001.11.04"]
[Round "1.2"]
[White "Nielsen, Poul Erik"]
[Black "Nielsen, Tommy"]
[Result "1-0"]
[WhiteElo "2228"]
[BlackElo "2204"]
[PlyCount "59"]
[EventDate "2001.11.04"]
[EventType "team-tourn"]
[EventRounds "7"]
[EventCountry "DEN"]
[SourceTitle "EXT 2023"]
[Source "ChessBase"]
[SourceDate "2022.10.05"]
[SourceVersion "1"]
[SourceVersionDate "2022.10.05"]
[SourceQuality "1"]
[WhiteTeam "Nordre"]
[BlackTeam "Norresundby"]
[WhiteTeamCountry "DEN"]
[BlackTeamCountry "DEN"]

1. Nf3 c5 2. g3 g6 3. Bg2 Bg7 4. c4 Nc6 5. Nc3 d6 6. 0-0 Bd7 7. a3 Nf6 8. Rb1 a5 9. d3 0-0 10. Bd2 Rb8 11. Qc1 Nd4 12. Nxd4 cxd4 13. Nb5 Qb6 14. a4 Ra8 15. b4 axb4 16. Rxb4 Rfb8 17. Qb2 Ne8 18. Ra1 Qc5 19. Rb3 Bc6 20. a5 Bxg2 21. Kxg2 Nc7 22. Nxc7 Qxc7 23. Rb1 Ra7 24. Rb6 h5 25. a6 h4 26. Rxb7 Raxb7 27. Qxb7 Qxb7+ 28. axb7 d5 29. c5 Be5 30. Bf4 1-0

[Event "DEN-chT 0001"]
[Site "Denmark"]
[Date "2001.03.18"]
[Round "7"]
[White "Berg, Klaus"]
[Black "Nielsen, Poul Erik"]
[Result "1/2-1/2"]
[WhiteElo "2418"]
[BlackElo "2145"]
[PlyCount "64"]
[EventDate "2000.??.??"]
[EventType "team-tourn"]
[EventRounds "7"]
[EventCountry "DEN"]
[SourceTitle "EXT 2002"]
[Source "ChessBase"]
[SourceDate "2001.11.25"]
[SourceVersion "1"]
[SourceVersionDate "2001.11.25"]
[SourceQuality "1"]
[WhiteTeam "Helsinge"]
[BlackTeam "Nordre"]
[WhiteTeamCountry "DEN"]
[BlackTeamCountry "DEN"]

1. d4 g6 2. e4 Bg7 3. Nf3 d6 4. c3 Nf6 5. Bd3 Nc6 6. 0-0 0-0 7. Na3 a6 8. Re1 Nh5 9. Bg5 h6 10. Be3 e5 11. dxe5 dxe5 12. Bf1 Qe7 13. Nc4 b6 14. a4 a5 15. Bd2 Rd8 16. Ne3 Be6 17. Qc2 Nb8 18. Rad1 Na6 19. Bc4 Bxc4 20. Nxc4 Nc5 21. Be3 Nb7 22. Rxd8+ Rxd8 23. Rd1 Nd6 24. Nfd2 Qe6 25. b3 Nf6 26. f3 Bf8 27. Kf1 Nfe8 28. Bf2 Nb7 29. Nb1 Rxd1+ 30. Qxd1 Nc5 31. Nba3 Be7 32. Qc2 Kg7 1/2-1/2

[Event "DEN-chT 0001"]
[Site "Denmark"]
[Date "2001.01.14"]
[Round "4"]
[White "Nielsen, Poul Erik"]
[Black "Pedersen, Finn"]
[Result "1-0"]
[WhiteElo "2145"]
[BlackElo "2266"]
[PlyCount "51"]
[EventDate "2000.??.??"]
[EventType "team-tourn"]
[EventRounds "7"]
[EventCountry "DEN"]
[SourceTitle "EXT 2002"]
[Source "ChessBase"]
[SourceDate "2001.11.25"]
[SourceVersion "1"]
[SourceVersionDate "2001.11.25"]
[SourceQuality "1"]
[WhiteTeam "Nordre"]
[BlackTeam "Skolerne"]
[WhiteTeamCountry "DEN"]
[BlackTeamCountry "DEN"]

1. c4 c6 2. Nf3 d5 3. d4 Nf6 4. Nc3 dxc4 5. a4 Bf5 6. Nh4 Bg6 7. Nxg6 hxg6 8. e4 e6 9. Bxc4 Bb4 10. Qb3 a5 11. 0-0 Nbd7 12. Bf4 Nh5 13. Be3 Qh4 14. f4 Nhf6 15. h3 Ng4 16. hxg4 Nf6 17. Be2 Bxc3 18. Qxb7 Qh2+ 19. Kf2 Qh4+ 20. g3 Nxe4+ 21. Kf3 Nxg3 22. Qxa8+ Kd7 23. Qa7+ Kd8 24. Bf2 f5 25. Bxg3 Qxg4+ 26. Kf2 1-0

[Event "DEN-chT 9900"]
[Site "Denmark"]
[Date "2000.01.16"]
[Round "4.6"]
[White "Nielsen, John Bauneborg"]
[Black "Nielsen, Poul Erik"]
[Result "1/2-1/2"]
[WhiteElo "2200"]
[BlackElo "2255"]
[PlyCount "35"]
[EventDate "1999.11.07"]
[EventType "team-tourn"]
[EventRounds "7"]
[EventCountry "DEN"]
[SourceTitle "EXT 2023"]
[Source "ChessBase"]
[SourceDate "2022.10.05"]
[SourceVersion "1"]
[SourceVersionDate "2022.10.05"]
[SourceQuality "1"]
[WhiteTeam "Norresundby"]
[BlackTeam "Nordre"]
[WhiteTeamCountry "DEN"]
[BlackTeamCountry "DEN"]

1. d4 c5 2. d5 e5 3. e4 d6 4. Nc3 Be7 5. Be2 a6 6. a4 Bg5 7. Nf3 Bxc1 8. Qxc1 Nh6 9. Qg5 0-0 10. Qxd8 Rxd8 11. Nd2 Nd7 12. Nc4 Nf8 13. Ra3 f6 14. Rb3 Kf7 15. Na5 Rd7 16. Nc4 Rd8 17. Na5 Rd7 18. Nc4 1/2-1/2

[Event "DEN-chB"]
[Site "Aalborg"]
[Date "2000.??.??"]
[Round "?"]
[White "Nielsen, Poul Erik"]
[Black "Bromann, Thorbjorn"]
[Result "0-1"]
[WhiteElo "2232"]
[BlackElo "2297"]
[PlyCount "100"]
[EventDate "2000.??.??"]
[EventType "swiss"]
[EventRounds "7"]
[EventCountry "DEN"]
[SourceTitle "EXT 2001"]
[Source "ChessBase"]
[SourceDate "2000.11.22"]
[SourceVersion "1"]
[SourceVersionDate "2000.11.22"]
[SourceQuality "1"]

1. c4 e5 2. g3 Nf6 3. Bg2 d5 4. cxd5 Nxd5 5. Nc3 Nb6 6. Nf3 Nc6 7. 0-0 Be7 8. d3 0-0 9. Be3 Be6 10. Na4 e4 11. Ne1 exd3 12. Nxd3 Bd5 13. Bxd5 Qxd5 14. Ndc5 Qxd1 15. Rfxd1 Nxa4 16. Nxa4 Rfd8 17. Bf4 Rac8 18. Rxd8+ Nxd8 19. e4 Ne6 20. Be3 Rd8 21. Nc3 Bc5 22. Bxc5 Nxc5 23. Kf1 Rd2 24. Rd1 Rxd1+ 25. Nxd1 Nxe4 26. Ke2 Kf8 27. Kd3 Nd6 28. Ne3 Ke7 29. b4 Ke6 30. f4 h5 31. Nc2 Kd5 32. Ne3+ Ke6 33. Nc2 f6 34. a4 g5 35. fxg5 fxg5 36. Kd4 Nf5+ 37. Ke4 Nd6+ 38. Kd4 h4 39. g4 Nf7 40. Ke4 Ne5 41. Nd4+ Kf6 42. Nb5 Nxg4 43. Nxa7 Nxh2 44. a5 h3 45. b5 Nf1 46. Kf3 g4+ 47. Kf2 h2 48. Kg2 g3 49. a6 Ne3+ 50. Kh1 Ng4 0-1

[Event "DEN-chB"]
[Site "Aalborg"]
[Date "2000.??.??"]
[Round "?"]
[White "Nielsen, Poul Erik"]
[Black "Sobjerg, Erik"]
[Result "1-0"]
[WhiteElo "2232"]
[BlackElo "2260"]
[PlyCount "79"]
[EventDate "2000.??.??"]
[EventType "swiss"]
[EventRounds "7"]
[EventCountry "DEN"]
[SourceTitle "EXT 2001"]
[Source "ChessBase"]
[SourceDate "2000.11.22"]
[SourceVersion "1"]
[SourceVersionDate "2000.11.22"]
[SourceQuality "1"]

1. b3 e5 2. Bb2 d6 3. d4 g6 4. dxe5 Bg7 5. Bc3 Bxe5 6. Bxe5 dxe5 7. Qxd8+ Kxd8 8. Nf3 f6 9. Nbd2 Nc6 10. 0-0-0 Ke7 11. e3 Nh6 12. h3 Nf7 13. Ne4 a6 14. g4 Be6 15. Nc5 Nd6 16. Nxe6 Kxe6 17. Nd2 Rad8 18. Bg2 Ne7 19. c4 Rb8 20. Kb2 b5 21. cxb5 axb5 22. Rc1 Rhc8 23. Rc5 c6 24. Rhc1 Rb6 25. f4 exf4 26. exf4 Nb7 27. Re1+ Kf7 28. Rc2 Nd6 29. Rec1 Ra6 30. Ne4 Nxe4 31. Bxe4 Rca8 32. Kb1 Rd8 33. Bxc6 b4 34. Bb5 Rad6 35. Re1 Kf8 36. Bc4 Rd4 37. Rce2 Rd1+ 38. Kc2 Rxe1 39. Rxe1 Nc6 40. Rd1 1-0

[Event "DEN-chT 9697"]
[Site "Denmark"]
[Date "1997.03.15"]
[Round "6.4"]
[White "Hutters, Tomas"]
[Black "Nielsen, Poul Erik"]
[Result "1-0"]
[WhiteElo "2425"]
[BlackElo "2235"]
[PlyCount "107"]
[EventDate "1996.11.03"]
[EventType "team-tourn"]
[EventRounds "7"]
[EventCountry "DEN"]
[SourceTitle "EXT 2023"]
[Source "ChessBase"]
[SourceDate "2022.10.05"]
[SourceVersion "1"]
[SourceVersionDate "2022.10.05"]
[SourceQuality "1"]
[WhiteTeam "Espergaerde"]
[BlackTeam "Nordre"]
[WhiteTeamCountry "DEN"]
[BlackTeamCountry "DEN"]

1. d4 g6 2. c4 Bg7 3. Nc3 d6 4. e4 Nd7 5. Be3 e5 6. Nf3 Nh6 7. dxe5 dxe5 8. h3 f6 9. c5 c6 10. Bc4 Qe7 11. b4 Nf7 12. 0-0 0-0 13. Qb3 Re8 14. b5 Nf8 15. bxc6 bxc6 16. Qa4 Be6 17. Nd2 f5 18. f3 Red8 19. Nb3 f4 20. Bf2 Bxc4 21. Qxc4 Ne6 22. Na5 Rac8 23. Rab1 Rc7 24. Rfd1 Bf8 25. Rxd8 Nfxd8 26. Rb8 Kg7 27. Na4 Qd7 28. Qc2 Nd4 29. Qb2 Be7 30. Nc4 Bf6 31. Bxd4 Qxd4+ 32. Qxd4 exd4 33. Nd6 Kf8 34. Nb2 d3 35. Nxd3 Bd4+ 36. Kf1 Ke7 37. e5 Kd7 38. Rb4 Ne6 39. Ne4 Be3 40. Ke2 Nd4+ 41. Kd1 Ke6 42. Nxf4+ Kxe5 43. Nd3+ Kd5 44. Nf6+ Ke6 45. Ng4 Bg1 46. Kd2 h5 47. Nge5 g5 48. Rb8 Nf5 49. g4 hxg4 50. fxg4 Ng3 51. Re8+ Kd5 52. Nf3 Ne4+ 53. Kc2 Bxc5 54. Re5+ 1-0

[Event "DEN-chT 9697"]
[Site "Denmark"]
[Date "1997.01.12"]
[Round "4.4"]
[White "Berg, Klaus"]
[Black "Nielsen, Poul Erik"]
[Result "1/2-1/2"]
[WhiteElo "2395"]
[BlackElo "2235"]
[PlyCount "106"]
[EventDate "1996.11.03"]
[EventType "team-tourn"]
[EventRounds "7"]
[EventCountry "DEN"]
[SourceTitle "EXT 2023"]
[Source "ChessBase"]
[SourceDate "2022.10.05"]
[SourceVersion "1"]
[SourceVersionDate "2022.10.05"]
[SourceQuality "1"]
[WhiteTeam "Sydostfyn"]
[BlackTeam "Nordre"]
[WhiteTeamCountry "DEN"]
[BlackTeamCountry "DEN"]

1. d4 f5 2. g3 Nf6 3. Bg2 g6 4. Nh3 Bg7 5. c3 0-0 6. 0-0 c6 7. Nd2 d6 8. Qb3+ Kh8 9. Nf4 Na6 10. Nf3 Ne4 11. Nd3 e6 12. Nd2 Nxd2 13. Bxd2 e5 14. dxe5 dxe5 15. Rad1 Qe7 16. e4 Be6 17. Qc2 Nc5 18. Nxc5 Qxc5 19. exf5 gxf5 20. Be3 Qa5 21. Rfe1 Qxa2 22. Ra1 Qb3 23. Qxb3 Bxb3 24. Bxa7 Rfd8 25. Bb6 Rxa1 26. Rxa1 Rd1+ 27. Rxd1 Bxd1 28. Bh3 Bc2 29. g4 Bf6 30. gxf5 Kg7 31. Kg2 Bg5 32. Bc7 Bf4 33. Bg4 Bb3 34. Bd8 Bd5+ 35. Kh3 Bc1 36. f6+ Kg6 37. Bc8 Bxb2 38. Bxb7 Bxc3 39. Kg4 e4 40. Kf4 Bxf6 41. Bxf6 Kxf6 42. Bc8 h6 43. Bf5 c5 44. Bxe4 Bf7 45. Ke3 Kg5 46. f4+ Kg4 47. Bh7 h5 48. Ke4 Kh3 49. f5 h4 50. Bg6 Ba2 51. Ke5 Kxh2 52. f6 h3 53. Kd6 Kg1 1/2-1/2

[Event "DEN-chT 9697"]
[Site "Denmark"]
[Date "1996.11.16"]
[Round "3.4"]
[White "Nielsen, Poul Erik"]
[Black "Brondum, Eric"]
[Result "0-1"]
[WhiteElo "2235"]
[BlackElo "2285"]
[PlyCount "96"]
[EventDate "1996.11.03"]
[EventType "team-tourn"]
[EventRounds "7"]
[EventCountry "DEN"]
[SourceTitle "EXT 2023"]
[Source "ChessBase"]
[SourceDate "2022.10.05"]
[SourceVersion "1"]
[SourceVersionDate "2022.10.05"]
[SourceQuality "1"]
[WhiteTeam "Nordre"]
[BlackTeam "Copenhagen K41"]
[WhiteTeamCountry "DEN"]
[BlackTeamCountry "DEN"]

1. g3 d5 2. Bg2 c6 3. f4 Nf6 4. Nf3 g6 5. 0-0 Bg7 6. d3 0-0 7. Qe1 a5 8. h3 Na6 9. e4 Nb4 10. Rf2 c5 11. e5 Ne8 12. c3 Nc6 13. c4 dxc4 14. dxc4 Be6 15. Be3 Nd4 16. Rd2 Qc8 17. Nxd4 cxd4 18. Bxd4 Bxh3 19. Bxh3 Qxh3 20. Nc3 Nc7 21. Bb6 Rfc8 22. Bxc7 Rxc7 23. Nd5 Rd7 24. Rad1 Kh8 25. Nb6 Rxd2 26. Rxd2 Re8 27. Rd3 Rg8 28. Qe4 g5 29. f5 Bf8 30. g4 Qh6 31. Kg2 Qxb6 32. b3 Bg7 33. Qd5 e6 34. Qe4 Qc6 35. Qxc6 bxc6 36. f6 Bf8 37. Rd7 Ba3 38. Rxf7 Bb2 39. Re7 Bxe5 40. Rxe6 Bc3 41. Rxc6 Rf8 42. Kf3 Rxf6+ 43. Rxf6 Bxf6 44. Ke4 Kg7 45. c5 h5 46. gxh5 Kh6 47. Kd5 g4 48. Ke6 g3 0-1

[Event "DEN-chT 9394"]
[Site "Denmark"]
[Date "1994.??.??"]
[Round "7"]
[White "Nielsen, Poul Erik"]
[Black "Andreasen, Per Naesby"]
[Result "0-1"]
[WhiteElo "2235"]
[BlackElo "2275"]
[PlyCount "86"]
[EventDate "1993.11.??"]
[EventType "team-tourn"]
[EventRounds "7"]
[EventCountry "DEN"]
[SourceTitle "EXT 2000"]
[Source "ChessBase"]
[SourceDate "1999.11.16"]
[SourceVersion "1"]
[SourceVersionDate "1999.11.16"]
[SourceQuality "1"]

1. d4 g6 2. e4 Bg7 3. c4 d6 4. Nc3 e5 5. dxe5 dxe5 6. Qxd8+ Kxd8 7. f4 Nd7 8. Nf3 c6 9. Be2 f6 10. 0-0 Ke8 11. fxe5 Nxe5 12. h3 Bh6 13. Nd4 Ke7 14. c5 Bxc1 15. Raxc1 Nh6 16. Kf2 Nhf7 17. Ke3 Ng5 18. b4 Ne6 19. Nb3 Nc7 20. Rc2 Be6 21. Rd1 Rhd8 22. Na5 b6 23. Rxd8 Rxd8 24. Nb3 Bxb3 25. axb3 b5 26. Ra2 a6 27. Nb1 Ke6 28. Nd2 Ke7 29. Nf3 Ra8 30. Nh2 Ne6 31. Bg4 Nc7 32. h4 h5 33. Bh3 Rd8 34. Rd2 Rxd2 35. Kxd2 g5 36. Bf5 gxh4 37. Ke3 Ne6 38. Nf3 Nxf3 39. gxf3 Ng5 40. Kf2 h3 41. f4 h2 42. Kg2 Nf3 43. Bg6 Nh4+ 0-1